[Event "195th open MGU"]
[Site "Sofia"]
[Date "2017.11.04"]
[Round "3.2"]
[White "Georgiev, Nikolay Zh."]
[Black "Ivanov, Daniel"]
[Result "0-1"]
[WhiteElo "1588"]
[BlackElo "1758"]
[PlyCount "66"]
[EventDate "2017.11.04"]
[EventType "swiss"]
[EventRounds "6"]
[EventCountry "BUL"]
[SourceDate "2008.07.28"]

1. e4 e6 2. d4 d5 3. e5 c5 4. Nf3 Qb6 5. Bd3 Nc6 6. O-O cxd4 7. a3 ({RR} 7. Re1
Bd7 8. a3 a5 9. Ng5 Be7 10. Qh5 g6 11. Qf3 Nxe5 12. Rxe5 f6 13. c4 dxc4 14.
Bxc4 Qc7 15. Re1 Qxc4 16. Nd2 Qa6 17. Nde4 h6 18. Nh3 e5 19. Qg3 Kf7 20. Bd2
Qe6 21. f4 f5 {Felgaer,R (2509)-Giaccio,A (2517)/Pinamar 2002/CBM 088/1-0 (37)}
) 7... Bd7 ({RR} 7... g6 8. b4 Bg7 9. Re1 a6 10. Bb2 Bd7 11. Nbd2 Nge7 12. Nb3
O-O 13. Nbxd4 a5 14. b5 Na7 15. a4 Nf5 16. Nb3 Rac8 17. Qd2 Qd8 18. Qxa5 Qxa5
19. Nxa5 b6 20. Nb3 Rc7 21. g4 Nh6 22. g5 {
Villavieja,B (2094)-Hughey,L (1599)/Edmonton 2016/EXT 2017/1-0 (58)}) 8. Nbd2
a5 9. Re1 Be7 $146 ({RR} 9... Nge7 10. a4 Ng6 11. Nb3 Bb4 12. Bd2 O-O 13. Bxb4
Qxb4 14. Bxg6 fxg6 15. Nfxd4 Nxd4 16. Qxd4 Rfc8 17. Qxb4 axb4 18. Nd4 Rxa4 19.
Rxa4 Bxa4 20. Nxe6 Rxc2 21. Nf4 d4 22. h4 Rxb2 23. e6 Rc2 24. Re4 {
Darchia,D (2040)-Kasanicky,R/Bratislava 1993/EXT 1997/1-0 (35)}) 10. Nf1 f5 11.
exf6 Nxf6 12. Ng3 O-O 13. b3 Bd6 14. Bb2 e5 15. Bf1 Rae8 16. c4 dxc3 17. Bxc3
Bc5 18. Ra2 Kh8 19. Ree2 d4 20. Ba1 Bg4 21. Ne4 Nxe4 22. Rxe4 Bf5 23. Re1 e4
24. Nd2 e3 25. Nc4 Qc7 26. Rae2 exf2+ 27. Rxf2 Rxe1 28. Qxe1 d3 29. Ne3 Qe7 30.
Rf3 Re8 31. Kf2 Bg6 32. a4 Nb4 33. Bc3 Nc2 0-1

[Event "195th open MGU"]
[Site "Sofia"]
[Date "2017.11.04"]
[Round "3.3"]
[White "Kostov, Nikolay"]
[Black "Simeonov, Daniel"]
[Result "1-0"]
[WhiteElo "1631"]
[BlackElo "1576"]
[PlyCount "93"]
[EventDate "2017.11.04"]
[EventType "swiss"]
[EventRounds "6"]
[EventCountry "BUL"]
[SourceDate "2008.07.28"]

1. d4 g6 2. c4 Bg7 3. Nc3 c6 4. e4 d6 5. Be3 e6 ({RR} 5... Qc7 6. Qd2 ({RR} 6.
Nf3 Bg4 7. Be2 Nd7 8. Ng1 Bxe2 9. Ngxe2 Ngf6 10. f3 O-O 11. Qd2 e5 12. d5 cxd5
13. cxd5 a6 14. O-O b5 15. Rac1 {
1/2 Schein,K (2189)-Leitner,K (2153)/Austria 2016/EXT 2017}) 6... e5 7. O-O-O
a6 8. f4 f6 9. Nf3 Bg4 10. Be2 Bxf3 11. Bxf3 Nd7 12. dxe5 dxe5 13. Bg4 Rd8 14.
Rhf1 Nh6 15. Bxd7+ Rxd7 16. Qxd7+ Qxd7 17. Rxd7 Kxd7 18. fxe5 fxe5 19. Na4 Rf8
20. Rd1+ {Matsuura,E (2473)-Pelikian,J (2407)/Sao Paulo 2004/CBM 100 Extra/1/2}
) 6. Qd2 b6 7. Nf3 $146 ({RR} 7. Bd3 Ne7 8. Nge2 a5 9. Bh6 O-O 10. Bxg7 Kxg7
11. h4 f5 12. h5 Rh8 13. hxg6 hxg6 14. O-O-O Ng8 15. Rxh8 Kxh8 16. exf5 exf5
17. g4 Qf6 18. g5 Qe7 19. Qf4 Ra7 20. Rh1+ Kg7 21. Qh4 Kf8 {
Nemec,J (1730)-Groll,Z/Klatovy 2000/EXT 2003/1-0 (33)}) 7... Bb7 8. g4 Nd7 9.
O-O-O Qc7 10. Kb1 O-O-O 11. h4 h6 12. Rc1 Kb8 13. Be2 Ne7 14. Bf4 e5 15. Bg3
Ka8 16. b4 f5 17. gxf5 gxf5 18. Rhg1 Bf6 19. d5 Nf8 20. dxc6 Bxc6 21. Nd5 Bxd5
22. cxd5 Qd7 23. Bd3 fxe4 24. Bxe4 Nfg6 25. Qd3 Nf4 26. Bxf4 exf4 27. Nd4 Qa4
28. Qb3 Qxb3+ 29. Nxb3 Kb7 30. h5 Rhg8 31. Nd2 Bd4 32. Rxg8 Rxg8 33. Nc4 Nc8
34. Bf5 Be5 35. f3 Ne7 36. Be6 Rg2 37. Nxe5 dxe5 38. d6 Nc6 39. Bd5 Rd2 40.
Bxc6+ Kc8 41. d7+ Kd8 42. Rg1 Kc7 43. b5 e4 44. Bxe4 Rxd7 45. Rg6 Kd8 46. Rxh6
Rf7 47. Rh7 1-0

[Event "195th open MGU"]
[Site "Sofia"]
[Date "2017.11.04"]
[Round "3.4"]
[White "Mladenov, Andrey"]
[Black "Grabchev, Plamen"]
[Result "1-0"]
[WhiteElo "1552"]
[BlackElo "1324"]
[PlyCount "43"]
[EventDate "2017.11.04"]
[EventType "swiss"]
[EventRounds "6"]
[EventCountry "BUL"]
[SourceDate "2008.07.28"]

1. e4 b6 2. d4 Bb7 3. Nc3 Nf6 4. Bd3 ({RR} 4. f3 e6 5. Bd3 c5 6. Nge2 Nc6 7.
Be3 d5 8. dxc5 Bxc5 9. Bxc5 bxc5 10. exd5 exd5 11. O-O O-O 12. a3 Ne7 13. b3
Qc7 14. Bb5 a6 15. Ba4 d4 16. Nb1 Nfd5 17. Re1 Ne3 18. Qd3 N7f5 {
Rahulan,T (1378)-Hymer,B (1877)/Bournemouth 2016/CBM 173 Extra/0-1 (38)}) 4...
h6 $146 ({RR} 4... g6 5. Nf3 Bg7 6. O-O d5 7. e5 Ne4 8. Re1 f5 9. exf6 Nxf6 10.
Bg5 Nc6 11. Re6 Qd7 12. Qe2 O-O-O 13. Bxf6 Bxf6 14. Bb5 Kb8 15. Re1 Rde8 16. h3
h5 17. a3 g5 18. Qd3 g4 19. hxg4 {
Awat,A-Abur Amolo,L/Turin 2006/CBM 112 Extra/1/2}) ({RR} 4... a6 5. Nf3 g6 6.
O-O d6 7. Re1 h6 8. e5 Nd5 9. e6 f5 10. Nh4 Qc8 11. Nxg6 Rg8 12. Nxd5 Bxd5 13.
Qh5 Kd8 14. Qxf5 c6 15. c4 Bxg2 16. Kxg2 Kc7 17. Bf4 Qe8 18. Bg3 c5 19. dxc5 {
Bui,V (2448)-Dang,T (2261)/Dong Nai 1995/EXT 2011/1-0}) ({RR} 4... d5 5. exd5 (
{RR} 5. e5 Ne4 6. Nge2 Nxc3 7. Nxc3 e6 8. O-O f6 9. Qh5+ Kd7 10. Nb5 Be7 11.
Qf7 Qf8 12. Qxf8 Bxf8 13. exf6 gxf6 14. Bf4 Bd6 15. Bh6 Nc6 16. Bg7 Rhg8 17.
Bxf6 Raf8 18. Nxd6 Kxd6 19. Bh4 Rf4 {
Guglia,G (1500)-De Dominicis,A (1453)/Ceriano Laghetto 2008/EXT 2010/1-0 (34)})
5... Nxd5 6. Nxd5 Qxd5 7. Nf3 Qh5 8. Be2 e6 9. Bf4 Bd6 10. Ng5 Qh6 11. Bf3 Bxf4
12. Bxb7 Qxg5 13. Bxa8 c6 14. Qf3 Kd7 15. O-O Qh6 16. g3 Bd6 17. c4 f5 18. d5
f4 19. Bxc6+ {Zaleski,J-Bekker,B/Warsaw 1959/EXT 2002/1-0 (33)}) 5. Nf3 e6 6.
O-O c5 7. e5 Nd5 8. Nxd5 Bxd5 9. c4 Bxf3 10. Qxf3 Nc6 11. Be4 Nxd4 12. Qa3 a5
13. Bxa8 Nc2 14. Qc3 Nxa1 15. Be4 Be7 16. Be3 Bg5 17. Rxa1 f6 18. Bg6+ Kf8 19.
exf6 Bxf6 20. Qd2 Bg5 21. Rd1 Qf6 22. Bb1 1-0

[Event "195th open MGU"]
[Site "Sofia"]
[Date "2017.11.04"]
[Round "3.5"]
[White "Nenchev, Georgi"]
[Black "Dimova, Mariya"]
[Result "1-0"]
[WhiteElo "1404"]
[BlackElo "1434"]
[PlyCount "117"]
[EventDate "2017.11.04"]
[EventType "swiss"]
[EventRounds "6"]
[EventCountry "BUL"]
[SourceDate "2008.07.28"]

1. Nf3 Nc6 2. c4 e5 3. Nc3 Bc5 4. e3 Nf6 5. Nxe5 ({RR} 5. a3 d6 6. b4 Bb6 7.
Be2 a5 8. Rb1 e4 9. Ng5 Bf5 10. Qc2 axb4 11. axb4 Qe7 12. Nd5 Nxd5 13. cxd5
Qxg5 14. dxc6 Qxg2 15. Rf1 bxc6 16. Qxc6+ Ke7 17. Bb2 Bd7 18. Qd5 Be6 19. Qh5
Qg6 {Petursson,M (2520)-Teske,H (2475)/Berlin 2015/CBM 168 Extra/0-1}) ({RR} 5.
d4 Bb4 6. Qc2 d6 7. a3 Bxc3+ 8. Qxc3 Bf5 9. dxe5 Ne4 10. Qb3 Rb8 11. Be2 dxe5
12. O-O O-O 13. Rd1 Qf6 14. Bd2 Rfd8 15. Bc3 b6 16. Rxd8+ Rxd8 17. Rd1 Rxd1+
18. Qxd1 Qd8 19. Bxe5 Qxd1+ {
Vatutin,P (1390)-Dolonov,I/Ulyanovsk 2016/CBM 170 Extra/1-0 (52)}) 5... O-O
$146 ({RR} 5... Nxe5 6. d4 Bxd4 ({RR} 6... Qe7 7. dxc5 Qxc5 8. Qd4 Qxd4 9. exd4
Nc6 10. Nb5 Kd8 11. d5 Re8+ 12. Be2 Nb4 13. Kd1 Ne4 14. Be3 d6 15. Nd4 Nc5 16.
a3 Nba6 17. b4 Ne4 18. Rc1 Bd7 19. Bd3 Ba4+ 20. Ke2 Nf6 21. f3 {
Nadasi,E-Galko,A (1849)/Hungary 2007/EXT 2009/1-0}) 7. exd4 Nc6 8. Be3 O-O 9.
Be2 d5 10. O-O dxc4 11. Bxc4 Ng4 12. h3 Nf6 13. Bd3 Kh8 14. Ne2 b6 15. Rc1 Ne7
16. Qc2 Nfd5 17. Ng3 f5 18. Bg5 h6 19. Bxe7 Qxe7 20. Qc6 {
Hotchkin,W-Bixby,G/USA 1874/EXT 2015/1-0 (32)}) ({RR} 5... Bxe3 6. dxe3 Nxe5 7.
Be2 O-O 8. b3 d6 9. Bb2 Nfg4 10. h3 Qh4 11. g3 Qh6 12. Nd5 Re8 13. Bxe5 Nxe5
14. Nxc7 Bf5 15. Nxe8 Rxe8 16. Qd4 Nc6 17. Qf4 Qe6 18. g4 Bg6 19. Rd1 Ne5 20.
h4 {Skypala,O (1538)-Vantuch,L (1602)/Kouty nad Desnou 2015/EXT 2017/1-0 (48)})
6. Nxc6 bxc6 7. d4 Be7 8. Be2 d5 9. O-O Bf5 10. c5 h6 11. Bd3 Bg4 12. Qc2 Qd7
13. Bd2 Kh8 14. Rae1 Rg8 15. f3 Bh5 16. Bf5 Qd8 17. g4 g6 18. Bd3 Qd7 19. h3
Rg7 20. Re2 Rag8 21. Rg2 Bxg4 22. fxg4 h5 23. Be2 Qe6 24. Rf4 Nh7 25. e4 Ng5
26. Kh2 dxe4 27. Nxe4 Nxh3 28. Bc4 Qd7 29. Rxf7 Rxf7 30. Bxf7 Rg7 31. Bb3 hxg4
32. d5 Qf5 33. Ng3 Qf3 34. Bc3 Bf6 35. Qe2 Nf4 36. Qxf3 gxf3 37. Bxf6 Nxg2 38.
Bxg7+ Kxg7 39. Bd1 Ne1 40. d6 cxd6 41. cxd6 Kf7 42. Kg1 f2+ 43. Kxf2 Nd3+ 44.
Ke3 Nxb2 45. Bb3+ Ke8 46. Kd4 a5 47. Kc5 a4 48. Be6 Nd3+ 49. Kxc6 Kd8 50. Ne4
Ne5+ 51. Kb5 a3 52. Kb4 Nd3+ 53. Kxa3 Nf4 54. Bg4 Nd5 55. Kb3 Nb6 56. a4 Nc8
57. Bxc8 Kxc8 58. Kc4 Kd7 59. Kd5 1-0

[Event "195th open MGU"]
[Site "Sofia"]
[Date "2017.11.05"]
[Round "4.1"]
[White "Gelemerov, Yane"]
[Black "Mladenov, Andrey"]
[Result "1-0"]
[WhiteElo "1918"]
[BlackElo "1552"]
[PlyCount "33"]
[EventDate "2017.11.04"]
[EventType "swiss"]
[EventRounds "6"]
[EventCountry "BUL"]
[SourceDate "2008.07.28"]

1. e4 c5 2. f4 d5 3. exd5 Qxd5 4. Nc3 Qd8 5. Nf3 Nf6 6. Bc4 e6 7. d3 Be7 8. O-O
O-O 9. Ne5 Nbd7 10. Qe2 a6 11. a4 Qc7 $2 $146 {Äèàãðàììà #} ({RR} 11... Nb6 12.
Bb3 Nbd5 13. Bd2 Qc7 14. a5 Bd6 15. Rae1 b6 16. axb6 Qxb6 17. Nc4 Qc7 18. g3
Bb7 19. Ne4 Be7 20. Ba5 Qb8 21. f5 exf5 22. Rxf5 Bc8 23. Nxf6+ Nxf6 24. Re5 Bd6
25. Nxd6 Qxd6 26. Bc3 {
Cruz,A (2244)-Andrade,M (2157)/Santa Cruz 2003/EXT 2004/1/2 (49)}) (11... Nxe5
$142 $11) 12. Bd2 (12. Nxf7 Kxf7 13. Bxe6+ Ke8 14. Re1 $16) 12... b6 $2 (12...
Bd6 $142 $11) 13. Rae1 (13. Nxf7 Kxf7 14. Rae1 $16) 13... Re8 $4 {Äèàãðàììà #}
(13... Bd6 $142 $14) 14. Nxf7 Kxf7 15. Qxe6+ Kg6 16. Qf7+ Kh6 17. f5+ 1-0

[Event "195th open MGU"]
[Site "Sofia"]
[Date "2017.11.05"]
[Round "4.2"]
[White "Kostov, Nikolay"]
[Black "Andreev, Dobrotich"]
[Result "0-1"]
[WhiteElo "1631"]
[BlackElo "1829"]
[PlyCount "116"]
[EventDate "2017.11.04"]
[EventType "swiss"]
[EventRounds "6"]
[EventCountry "BUL"]
[SourceDate "2008.07.28"]

1. Nf3 d5 2. d4 Nf6 3. c4 e6 4. a3 c6 5. cxd5 exd5 6. Bg5 Be7 7. e3 O-O 8. Nc3
Nbd7 9. Bd3 Re8 10. O-O Ne4 11. Bxe7 Qxe7 12. Qc2 Nf8 13. Bxe4 dxe4 14. Nd2 Bf5
({RR} 14... f5 15. Rac1 Ng6 16. g3 Qg5 17. Rce1 Be6 18. f4 Qg4 19. Qd1 Qh3 20.
Qe2 Rad8 21. b4 b6 22. Nc4 h5 23. Ne5 Nxe5 24. fxe5 c5 25. bxc5 bxc5 26. d5
Rxd5 27. Nxd5 Bxd5 28. Qb5 Bf7 29. Qxc5 {
Dimitrov,M (2067)-Hristov,A (2272)/Sunny Beach 2009/CBM 130 Extra/1-0 (51)})
15. b4 a6 $146 ({RR} 15... Qe6 16. Ne2 Rad8 17. Nb3 Nd7 18. Na5 Rb8 19. Rac1
Nb6 20. Nb3 Nd5 21. Nc3 Nxc3 22. Qxc3 Qg6 23. Kh1 Qh5 24. f3 exf3 25. gxf3 Bh3
26. Rf2 Qh4 27. Qd2 Rbd8 28. Rg1 Re7 29. Rg3 f6 30. Re2 {
Lieb,H (2275)-Behrhorst,F (2320)/Germany 1985/GER-chT/1/2 (51)}) 16. Nc4 Qg5
17. Kh1 Re6 18. Qd2 Rh6 19. f4 Qh5 20. g3 Nd7 21. Ne5 Nf6 22. Qe2 Qh3 23. Kg1
Ng4 24. Nxg4 Bxg4 25. Qf2 f5 26. Na4 Qh5 27. Nb6 Rd8 28. Nc4 Be2 29. Rfc1 Bxc4
30. Rxc4 Qf7 31. Rc5 Rhd6 32. Rac1 g6 33. Qc2 Qe6 34. Qc4 Kf7 35. Qxe6+ Kxe6
36. a4 Kd7 37. b5 axb5 38. axb5 Ra8 39. bxc6+ Rxc6 40. Rxc6 bxc6 41. Rc2 Kd6
42. Kf2 Ra5 43. h4 Kd5 44. Rb2 c5 45. dxc5 Rxc5 46. Rd2+ Kc4 47. Rc2+ Kb4 48.
Rd2 Kc3 49. Ra2 Rb5 50. h5 Rb2+ 51. Rxb2 Kxb2 52. g4 Kc2 53. hxg6 hxg6 54. gxf5
gxf5 55. Ke2 Kc3 56. Ke1 Kd3 57. Kf2 Kd2 58. Kf1 Kxe3 0-1

[Event "195th open MGU"]
[Site "Sofia"]
[Date "2017.11.05"]
[Round "4.3"]
[White "Ivanov, Daniel"]
[Black "Nenchev, Georgi"]
[Result "1-0"]
[WhiteElo "1758"]
[BlackElo "1404"]
[PlyCount "117"]
[EventDate "2017.11.04"]
[EventType "swiss"]
[EventRounds "6"]
[EventCountry "BUL"]
[SourceDate "2008.07.28"]

1. e4 e6 2. d4 d5 3. e5 c5 4. c3 Qc7 ({RR} 4... Qa5 5. dxc5 Qc7 6. Nf3 Bxc5 7.
Bd3 Nc6 8. Bf4 Nge7 9. Bg3 Bd7 10. Nbd2 a6 11. O-O Ng6 12. Re1 Nce7 13. Nb3 Ba7
14. h4 Nc6 15. h5 Nge7 16. Bh4 h6 17. Rc1 Qb6 18. Qd2 Na5 19. Nxa5 {
Khairullin,I (2544)-Isaev,Y (2328)/Moscow 2008/CBM 122 Extra/1-0 (35)}) 5. a3
$146 ({RR} 5. Nf3 a6 ({RR} 5... Ne7 6. a3 Bd7 7. Be2 Nbc6 8. b4 cxd4 9. cxd4
Rc8 10. O-O a6 11. Bb2 Ng6 12. g3 Na7 13. Nc3 Be7 14. h4 f5 15. Rc1 Qd8 16. Na4
Rxc1 17. Bxc1 Bb5 18. Bxb5+ Nxb5 19. Ng5 Qc8 20. Nc5 {
Giesen,D-Boehm,S/Marbach 1973/EXT 2009/0-1 (51)}) 6. Be2 b5 7. O-O c4 8. a3 Ne7
9. Bg5 Ng6 10. b4 Be7 11. Bxe7 Qxe7 12. Nbd2 Bb7 13. g3 O-O 14. h4 Re8 15. Ng5
h6 16. Nh3 Nd7 17. Bh5 Nh8 18. f4 g6 19. Bf3 Nb6 {
Kosturkov,K (1650)-Nenchev,G (1462)/Teteven 2016/CBM 173 Extra/1-0 (41)}) ({RR
} 5. f4 cxd4 6. cxd4 Bb4+ 7. Bd2 Bxd2+ 8. Qxd2 Ne7 9. Nc3 a6 10. Rc1 Nbc6 11.
Nf3 Bd7 12. Bd3 Qa5 13. O-O Nf5 14. Kh1 O-O 15. g4 Nfe7 16. Ng5 g6 17. f5 exf5
18. gxf5 Nxf5 19. Bxf5 Bxf5 {Sanchez Montesdeoca,I (1710)-Aleman Alamo,N (1694)
/Galdar 2010/CBM 139 Extra/1-0}) 5... a6 6. Nf3 b5 7. Be3 Bb7 8. Bd3 Nd7 9.
Nbd2 c4 10. Bc2 Ne7 11. Ng5 Ng6 12. h4 h6 13. Nxe6 Qc6 14. Nf4 Nxf4 15. Bxf4
Be7 16. Qg4 Kf8 17. Bf5 Bc8 18. h5 Nb6 19. Bxc8 Qxc8 20. Qf3 Qf5 21. Rc1 Qd3
22. Qxd3 cxd3 23. Nf3 Nc4 24. Rb1 a5 25. Nd2 Ra6 26. Rh3 Bg5 27. Bxg5 hxg5 28.
g4 f6 29. Rxd3 Re6 30. Nxc4 bxc4 31. Re3 a4 32. Kd2 Ke7 33. exf6+ gxf6 34. Rbe1
Rxe3 35. Rxe3+ Kf7 36. Rf3 Ke6 37. Rf5 Rb8 38. Kc2 Rg8 39. f4 gxf4 40. Rxf4 Rg7
41. Kd1 Rb7 42. Rf2 Rg7 43. Rg2 Rg8 44. Ke2 Rg7 45. Kf3 Rg8 46. Kf4 Rg7 47. h6
Rh7 48. g5 fxg5+ 49. Kxg5 Rh8 50. Rf2 Rg8+ 51. Kh5 Rh8 52. Rf4 Ke7 53. Rf5 Ke6
54. Re5+ Kd6 55. Kg6 Rg8+ 56. Kf7 Rg2 57. Re6+ Kc7 58. h7 Rf2+ 59. Kg7 1-0

[Event "195th open MGU"]
[Site "Sofia"]
[Date "2017.11.05"]
[Round "4.4"]
[White "Dimova, Mariya"]
[Black "Georgiev, Nikolay Zh."]
[Result "0-1"]
[WhiteElo "1434"]
[BlackElo "1588"]
[PlyCount "84"]
[EventDate "2017.11.04"]
[EventType "swiss"]
[EventRounds "6"]
[EventCountry "BUL"]
[SourceDate "2008.07.28"]

1. e4 e5 2. Nf3 Nc6 3. c3 f5 4. d3 ({RR} 4. exf5 d5 ({RR} 4... e4 5. Nd4 Nf6 6.
d3 Nxd4 7. cxd4 d5 8. dxe4 dxe4 9. Bc4 Bb4+ 10. Nc3 c5 11. Qa4+ Bd7 12. Qb3 Qe7
13. dxc5 Bxc5 14. Qxb7 Rc8 15. Bb5 O-O 16. Bxd7 Nxd7 17. O-O e3 18. Bxe3 Bxe3
19. fxe3 {Pal,M (2061)-Morvay,M (2147)/Hunagry 2015/CBM 170 Extra/1/2 (48)}) 5.
Bb5 Qf6 6. O-O Bd6 7. d4 e4 8. Ne5 Nge7 9. Qh5+ g6 10. Qg5 Qxf5 11. Nxc6 bxc6
12. Be2 O-O 13. Na3 Bd7 14. Nc2 Qxg5 15. Bxg5 Nf5 16. f3 h6 17. Bd2 Kg7 18.
fxe4 dxe4 {
Danielsen,H (2510)-Saduakassova,D (2340)/Helsingor 2013/CBM 155 Extra/1-0 (42)}
) 4... d5 5. Qc2 $146 ({RR} 5. Nbd2 Nf6 6. Qa4 Bc5 7. Nxe5 O-O 8. Nxc6 Qe8 9.
e5 bxc6 10. d4 Bb6 11. f4 Bd7 12. Qd1 Ne4 13. Nf3 c5 14. Be3 cxd4 15. Bxd4 c5
16. Be3 Bc6 17. Be2 Rd8 18. O-O Ba4 19. Qc1 Kh8 {
Claverie,R (2274)-Sapienza,J (2287)/Buenos Aires 2001/EXT 2002/0-1}) ({RR} 5.
Bg5 Be7 6. Bxe7 Ngxe7 7. Nbd2 O-O 8. b4 Ng6 9. exd5 Qxd5 10. Qb3 Qxb3 11. axb3
Nd8 12. h4 Nf7 13. h5 Nf4 14. Nc4 Re8 15. O-O-O b5 16. Na5 a6 17. g3 Nd5 18.
Kb2 Bd7 19. Bg2 Rab8 {
Schlag,F-Baumgartner,H (2295)/Bad Wildbad 1997/EXT 1999/0-1 (69)}) ({RR} 5. Qb3
Nf6 6. Bg5 dxe4 7. dxe4 fxe4 8. Nfd2 Bd6 9. Nxe4 Ke7 10. Nbd2 h6 11. Bxf6+ gxf6
12. O-O-O Rb8 13. Nc4 Be6 14. Qc2 Qg8 15. Nexd6 cxd6 16. Nxd6 Bxa2 17. Nf5+ Kf8
18. Rd6 Qg5+ 19. Ne3 Bf7 {
Zunker,R (2118)-Weber,G (1698)/Bad Bevensen 2010/EXT 2012/1-0}) 5... Nf6 6. Bg5
Be7 7. Bxf6 Bxf6 8. Nbd2 Be6 9. Be2 O-O 10. h4 Kh8 11. Ng5 Bxg5 12. hxg5 Qxg5
13. g3 fxe4 14. dxe4 d4 15. O-O-O Rxf2 16. Rh5 Qe3 17. Rhh1 Rxe2 18. Rhf1 dxc3
19. Qxc3 Qxc3+ 20. bxc3 Rd8 21. Nf3 Rxd1+ 22. Rxd1 h6 23. Nh4 Rxa2 24. Ng6+ Kg8
25. Rd3 Rf2 26. Kd1 Bg4+ 27. Kc1 Rf3 28. Kc2 Rxd3 29. Kxd3 Kf7 30. Nh4 g5 31.
Ng2 b5 32. Ne3 Be6 33. Nd5 Bxd5 34. exd5 b4 35. dxc6 bxc3 36. Kxc3 h5 37. Kb4
h4 38. gxh4 gxh4 39. Ka5 h3 40. Ka6 Ke6 41. Kb7 Kd6 42. Kxa7 h2 0-1

[Event "195th open MGU"]
[Site "Sofia"]
[Date "2017.11.05"]
[Round "5.1"]
[White "Ivanov, Daniel"]
[Black "Gelemerov, Yane"]
[Result "0-1"]
[WhiteElo "1758"]
[BlackElo "1918"]
[PlyCount "128"]
[EventDate "2017.11.04"]
[EventType "swiss"]
[EventRounds "6"]
[EventCountry "BUL"]
[SourceDate "2008.07.28"]

1. e4 e5 2. Nf3 Nc6 3. Nc3 Bc5 4. Bb5 a6 5. Bxc6 dxc6 6. h3 ({RR} 6. Qe2 f6 7.
d3 Ne7 8. Be3 Bxe3 9. Qxe3 Bg4 10. h3 Bxf3 11. Qxf3 Qd6 12. Qe3 c5 13. Ne2
O-O-O 14. O-O-O Qb6 15. Kb1 Rd6 16. Rd2 Rhd8 17. Rhd1 a5 18. c3 Nc6 19. g3 a4
20. Nc1 Qa7 {Knazovcik,L (2260)-Efler,D (2340)/Prague 1992/TD/1-0 (43)}) 6...
Qd6 ({RR} 6... Ne7 7. d3 Ng6 8. O-O h6 9. Ne2 Qe7 10. c3 Bb6 11. Qc2 Nh4 12.
Nxh4 Qxh4 13. d4 g5 14. dxe5 g4 15. g3 Qh5 16. h4 Qxe5 17. Bf4 Qe7 18. Rfe1 Bd7
19. Rad1 O-O-O 20. Nd4 Rde8 21. Qc1 {Paredes Bustamante,P (2096)-Franco
Valencia,A (2197)/Lima 2016/CBM 171 Extra/0-1 (50)}) 7. d3 Bd7 $146 ({RR} 7...
Be6 8. Ne2 O-O-O 9. c3 Nf6 10. Bg5 h6 11. Bxf6 gxf6 12. d4 exd4 13. cxd4 Bb4+
14. Nc3 Rhg8 15. g4 Rge8 16. Nh2 Bc4 17. f3 Qg3+ 18. Kd2 Rxd4+ 19. Kc2 Qf2+ 20.
Ne2 Rxd1 21. Raxd1 Qxe2+ 22. Kc1 {
Kamendoliev,J-Velkovski,K/Struga 2011/CBM 144 Extra/0-1}) 8. Qe2 Qg6 9. Nh4 Qf6
10. Nf3 Qg6 11. Nh4 Qe6 12. Be3 Bd6 13. Nf5 Qf6 14. g4 Bxf5 15. exf5 Bb4 16.
Bd2 O-O-O 17. Ne4 Qe7 18. O-O-O Nf6 19. Bg5 Rd5 20. Bxf6 gxf6 21. c3 Bd6 22.
Kb1 Rd8 23. Qc2 Rd7 24. Qa4 Qd8 25. a3 Be7 26. Qc4 c5 27. a4 c6 28. Qa2 b6 29.
Rhe1 Kb7 30. Kc2 a5 31. Qb3 Ka6 32. c4 Rd4 33. Ng3 Rf4 34. Ne4 Bf8 35. Qc3 Rd4
36. Re2 h5 37. Rg1 Bh6 38. Rg3 hxg4 39. hxg4 Bg5 40. f3 Qh8 41. Reg2 Qh4 42.
Nf2 Qh6 43. Rh3 Qf8 44. Ne4 Qe7 45. Rgh2 Rd8 46. Re2 Re8 47. Rf2 Qd8 48. Rh5
Rh8 49. Rxh8 Qxh8 50. Nxg5 fxg5 51. Qd2 Qh3 52. Qe2 f6 53. Kd2 Qg3 54. Kc2 Kb7
55. Kc3 b5 56. axb5 cxb5 57. Qe3 b4+ 58. Kb3 Kb6 59. Rf1 Qh3 60. Qe2 Rd4 61.
Qd1 Qh7 62. Rh1 Qd7 63. Ka2 Rxd3 64. Qc2 b3+ 0-1

[Event "195th open MGU"]
[Site "Sofia"]
[Date "2017.11.05"]
[Round "5.2"]
[White "Andreev, Dobrotich"]
[Black "Dimova, Mariya"]
[Result "1-0"]
[WhiteElo "1829"]
[BlackElo "1434"]
[PlyCount "51"]
[EventDate "2017.11.04"]
[EventType "swiss"]
[EventRounds "6"]
[EventCountry "BUL"]
[SourceDate "2008.07.28"]

1. e4 e5 2. Nf3 d6 3. d4 Qe7 4. Nc3 c6 5. Be2 f6 $146 ({RR} 5... Nf6 6. h3 ({RR
} 6. Bg5 Bg4 7. h3 Bxf3 8. Bxf3 Nbd7 9. O-O g6 10. Re1 Bg7 11. d5 c5 12. Nb5
O-O 13. Qd2 a6 14. Nc3 b5 15. h4 Nb6 16. h5 Nc4 17. Qc1 b4 18. Ne2 Qd7 19. Ng3
h6 20. Bxh6 Nxb2 {Estevez Sacristan,D (1648)-Vukotic Jovsic,D (1986)/Madrid
2015/CBM 165 Extra/1-0 (31)}) ({RR} 6. O-O Qc7 7. b4 Be7 8. Rb1 O-O 9. Be3 Bg4
10. Nd2 Bxe2 11. Qxe2 Nbd7 12. f4 Rfe8 13. Kh1 Bf8 14. Qf3 a5 15. a3 axb4 16.
axb4 Ra3 17. Rb3 Rxb3 18. Nxb3 exf4 19. Bxf4 Qb6 20. g4 h6 {
Andersson,U (2535)-Cuellar Gacharna,M (2395)/Siegen 1970/EXT 2002/1-0 (51)})
6... Nbd7 7. O-O h6 8. a4 g5 9. Nh2 Qd8 10. Be3 Be7 11. Qd2 Nf8 12. Rfd1 Ng6
13. dxe5 dxe5 14. Qxd8+ Bxd8 15. Ng4 Bxg4 16. hxg4 Nf4 17. Bf3 Ba5 18. g3 Ne6
19. Rd3 Bb6 20. Nd1 {Pribyl,J-Jankovec,I/Zvolen 1963/EXT 2005/1-0 (84)}) ({RR} 
5... g6 6. O-O Nd7 7. a4 Bh6 8. dxe5 dxe5 9. Nd2 Ngf6 10. b3 O-O 11. Ba3 Nc5
12. Nc4 b6 13. Qd6 Qxd6 14. Nxd6 Bd2 15. Nb1 Bh6 16. Bxc5 bxc5 17. Rd1 Rd8 18.
Nc3 Be6 19. Bc4 Bf8 20. Bxe6 {
Del Rio de Angelis,S (2504)-Sulskis,S (2582)/Catalan Bay 2004/CBM 098 Extra/1/2
}) ({RR} 5... Nd7 6. O-O Ngf6 7. a4 g6 8. dxe5 Nxe5 9. b3 Bg7 10. Ba3 c5 11.
Qd2 O-O 12. Rad1 b6 13. Nxe5 dxe5 14. Qd6 Qxd6 15. Rxd6 Bb7 16. f3 Rfd8 17.
Rfd1 Rxd6 18. Rxd6 Bf8 19. Rd1 Ne8 20. Bb2 {
Beliavsky,A-Jacobsen,B/Groningen 1970/EXT 2013/1-0}) 6. Be3 Be6 7. d5 Bf7 8.
dxc6 bxc6 9. Qd2 Nd7 10. O-O Qe6 11. Rfd1 Be7 12. Ba6 Bh5 13. Bb7 Bxf3 14. gxf3
Rd8 15. Bxc6 Kf8 16. Kg2 Nb8 17. Bd5 Qd7 18. Bb3 g5 19. Qd5 Nh6 20. Ba4 Qc8 21.
Bxa7 Nd7 22. Nb5 Nf7 23. Bb3 Kg7 24. Qxf7+ Kh6 25. Nxd6 Rdf8 26. Nf5# 1-0

[Event "195th open MGU"]
[Site "Sofia"]
[Date "2017.11.05"]
[Round "5.3"]
[White "Mladenov, Andrey"]
[Black "Kostov, Nikolay"]
[Result "1-0"]
[WhiteElo "1552"]
[BlackElo "1631"]
[PlyCount "89"]
[EventDate "2017.11.04"]
[EventType "swiss"]
[EventRounds "6"]
[EventCountry "BUL"]
[SourceDate "2008.07.28"]

1. e4 e6 2. d4 d5 3. Nc3 Nf6 4. Bg5 Be7 5. e5 Nfd7 6. Bxe7 Qxe7 7. f4 c5 8. Nb5
Qd8 9. Nd6+ Kf8 10. Qh5 g6 11. Qh6+ Kg8 12. Nf3 f6 ({RR} 12... Nc6 13. Ng5 f6
14. Ngf7 Qe7 15. h4 Nxd4 16. Bd3 Nf8 17. h5 Nf5 18. Bxf5 exf5 19. Nxh8 fxe5 20.
hxg6 {1-0 Giaccio,A (2350)-Lopez,A/La Coruna 1993/EXT 1997}) 13. O-O-O $146 ({
RR} 13. Bd3 Nc6 ({RR} 13... f5 14. Ng5 Nc6 15. Nxe6 Qe7 16. Nc7 Ndxe5 17. dxe5
Nxe5 18. fxe5 Qxe5+ 19. Kd2 Qxd6 20. Nxa8 c4 21. Rae1 Bd7 22. Be2 Kf7 23. Bf3
Bc6 24. Re2 Qb4+ 25. Kc1 c3 26. bxc3 Qxc3 27. Qe3 Qa1+ 28. Kd2 {
Bauer,C-Jaeck,V/Ingelheim 1998/EXT 2000/1-0 (35)}) ({RR} 13... Nf8 14. Nxc8
Qxc8 15. exf6 Qc7 16. Ne5 {1-0 Hauser,T-Rehberg,A/Germany 1992/EXT 1997}) 14.
Bxg6 Qe7 15. Bf7+ Qxf7 16. Nxf7 Kxf7 17. dxc5 Rg8 18. exf6 Nxf6 19. Ne5+ Ke7
20. O-O Nd4 21. g4 Bd7 22. g5 Ne8 23. Qxh7+ Rg7 24. Qd3 Nf5 25. Nxd7 Kxd7 26.
c4 Nc7 27. Rae1 Re8 {
Brantjes,Y (1426)-Kuijper,H (1564)/Bussum 2009/CBM 130 Extra/1-0 (37)}) 13...
c4 14. Nh4 Nf8 15. exf6 Qxf6 16. Nxc8 Nc6 17. Nd6 Qe7 18. Nb5 a6 19. Nc3 Nd8
20. Qg5 Qf7 21. Nf3 h6 22. Qg3 Kh7 23. Ne5 Qe8 24. h4 Nc6 25. h5 Nxe5 26. fxe5
gxh5 27. Qf3 Rg8 28. Qxh5 Qxh5 29. Rxh5 b5 30. Rd2 Ng6 31. Rh3 Raf8 32. Rf3
Rxf3 33. gxf3 Rf8 34. Rf2 Rf4 35. Ne2 Rh4 36. f4 Ne7 37. Ng3 Kg6 38. Kd2 Nf5
39. Nxf5 Kxf5 40. Ke3 Rh1 41. Rf3 Kg4 42. f5 exf5 43. e6 f4+ 44. Rxf4+ Kg5 45.
e7 1-0